000 00516cam a22001697a 4500
008 180718b2003 xxu||||| |||| 00| 0 eng d
020 _a812200654X
082 _aG2x54 M474
245 _aIndian parliament: a comparative perspective
_cedited by Ajay K. Mehra and Gert W. Kueck
260 _aDelhi
_bKonark
_c2003
300 _a459p.
650 _aIndia --Politics and government --1947-
650 _aComparative government
650 _aIndia. Parliament
700 _aKueck, Gert W.
700 _aMehra, Ajay K.
999 _c401478
_d401478